000 00751nam a2200217 a 4500
001 000043617
005 20201002044900.0
008 140331s1970 sp 000 0 spa d
040 _aDO-SdBNP
_bspa
_cBNPHU
082 _a891.73
_bD724m
100 1 _aDostoyevski, Fiodor Mijailovich
_d1821-1881
_971434
245 1 0 _aNiétoschka nezvanova :
_bLas noches blancas /
_cFiodor Dostoyevski; prólogo Justo García Melero.
260 _aMadrid :
_bLibra,
_c1970.
300 _a188 p. ;
_c17 cm.
490 1 _aPurpura
_v11
500 _aDos obras encuadernadas juntas con paginación continua.
650 4 _aNovela rusa
_94742
650 4 _aLiteratura rusa
_ySIGLO XIX
_919890
700 1 2 _aGarcía Melero, Justo
_eprol.
_913011
830 0 _aPurpura
_n11
_971435
999 _c43106
_d43106